000 01618nam0a2200325 4500
001 RU\NLR\bibl\284097
005 20260409064018.0
010 _a5-94653-052-6
_950000
021 _aRU
_b2002-11307
_9559
035 _a(NLR Aleph) 000279538
090 _a1635592
_c1635592
100 _a20020703d2002 |||y0rusy50 ca
101 0 _arus
102 _aRU
105 _ay |||||||||
200 1 _aУголовно-процессуальный кодекс Российской Федерации
_e[Принят Гос. Думой 22 нояб. 2001 г.
_eОдобрен Советом Федерации 5 дек. 2001 г.]
210 _aМ.
_cПроспект
_cВИТРЭМ
_d2002
215 _a509, [1] с.
_d22
309 _aНа тит. л. и обл.: Проф. юрид. системы "Кодекс"
604 _171001$aРоссийская Федерация
_1500##$3RU\NLR\AUTH\661293027$aУголовно-процессуальный кодекс$2nlr_sh2
_aРоссийская Федерация
_tУголовно-процессуальный кодекс
_92146253
_3RU\NLR\AUTH\661293027
606 0 _aУголовно-процессуальный кодекс
_yРоссийская Федерация
_92078726
_3RU\NLR\AUTH\661254590
686 1 _aХ629.3-324.9(2Р)
740 1 _aРоссийская Федерация
_tЗаконы
_iУголовно-процессуальный кодекс
_3RU\NLR\AUTH\880379492
_9425373
801 0 _aRU
_bRKP
_c20020703
_gPSBO
801 1 _aRU
_bRKP
_c20020703
801 2 _aRU
_bNLR
_c20090520
_grcr
942 _cBOOK
980 _aNB